000 01112nam a22002417a 4500
005 20130906145249.0
010 _aB-390078-098 B-514135-161 B-523222-236
020 _a9788189999193
_c225.00
035 _aB-390078-098 B-514135-161 B-523222-236
037 _bUBH/Ven
082 _aS
245 _aAncient tales of wit and wisdom /
_cedited by Anant Pai
260 _bAmar Chitra Katha
_c2013 (repr.)
_aMumbai
270 _a14 Marthand, 4th Floor, 84 Dr. Annie Besant Road,
_bMumbai
_e400018
300 _avarious pages.
_c23cm(Hb)
_bcol.ill.
490 _aIllustrated classics form India ;no.1014
500 _a5-In-1
505 _aa bag of gold coins, choice of friends, how friends are parted, the tiger and the woodpecker and other stories, friends and foes
700 _aPai, Anant
942 _cCH
_hS
_2ddc
_mANC
999 _c79158
_d79158